Analýza vzťahu ukazovateľa ekonomickej slobody s faktormi ekonomickej bezpečnosti

Charakter a tesnosť vzťahu ukazovateľa ekonomickej slobody s ukazovateľmi, ktoré sú predpokladom ekonomickej nezávislosti, schopnosti samostatného rozvoja a vzťahov s vonkajším prostredím neohrozujúcich autonómiu.

Saved in:
Bibliographic Details
Main Author: Daňová, Monika
Other Authors: Vavrek, Roman, Kravčáková Vozárová, Ivana
Format: Book Chapter
Language:Slovak
Subjects:
Tags: Add Tag
No Tags, Be the first to tag this record!

MARC

LEADER 00000naa a2200000 4500
001 0239535
005 20220714120548.1
041 0 |a slo 
044 |a CZ 
245 1 0 |a Analýza vzťahu ukazovateľa ekonomickej slobody s faktormi ekonomickej bezpečnosti  |c Monika Daňová, Roman Vavrek, Ivana Kravčáková Vozárová 
520 |a Charakter a tesnosť vzťahu ukazovateľa ekonomickej slobody s ukazovateľmi, ktoré sú predpokladom ekonomickej nezávislosti, schopnosti samostatného rozvoja a vzťahov s vonkajším prostredím neohrozujúcich autonómiu. 
610 2 0 |a sloboda ekonomická 
610 2 0 |a bezpečnosť ekonomická 
610 2 0 |a Vyšehradská štvorka 
610 2 0 |a zaťaženie daňové 
610 2 0 |a dlhy verejné 
610 2 0 |a nezávislosť 
100 1 |a Daňová, Monika 
700 1 |a Vavrek, Roman 
700 1 |a Kravčáková Vozárová, Ivana